| 000 | 00551nam a2200181Ia 4500 | ||
|---|---|---|---|
| 008 | 220216s9999 xx 000 0 und d | ||
| 100 | _aGnanharan R | ||
| 245 | 0 | _aCopper-chrome-arsenate treatment of wood from two Hevea clones | |
| 260 |
_bIndian Journal of Natural Rubber Research _c1998 |
||
| 300 | _a94-97 | ||
| 650 | _aCopper-chrome-arsenate treatment | ||
| 650 | _aCopper-chrome-arsenate treatment | ||
| 650 | _aRubberwood treatment | ||
| 650 | _aRubberwood treatment | ||
| 700 | _aPage Dave | ||
| 700 | _aPendlebury James | ||
| 942 | _cAR | ||
| 999 |
_c46999 _d46999 |
||